000 01745cam a22004694i 4500
003 PE-LiUPU
005 20250731172754.0
008 150617s r 000 0 d
035 _a(Sirsi) a12715
040 _aPE-LiUPU
_bspa
_cPE-LiUPU
_erda
049 _aPRUA
082 0 4 _aB225.561
_bV59
_221
100 1 _aVelasco, José,
_eautor.
130 _aBiblia
_pN.T.
_pEvangelios
_lEspañol
_sVersión moderna
_f1972.
245 1 1 _a\
_aNuevo Testamento :
_bVersión Moderna.
264 1 _aBilbao :
_bEditorial Mensajero,
_c1972.
300 _a603 páginas :
_bil. Láms. ;
_c18 cm.
336 _atext
_2rdacontent
337 _aunmediated
_2rdamedia
338 _avolume
_2rdacarrier
490 0 _aColección bolsillo, sección religión
505 0 _aEl Nuevo Testamento -- Los cuatro evangelios -- Evangelio de San Mateo -- Evangelio de San Marcos -- Evangelio de San Lucas -- Evangelio de San Juan -- Hechos de los apostoles -- Cartas de San Pablo.
526 _aSEG42
526 _aSEG41
526 _aSEG40
526 _aSEG39
526 _aP94
526 _aP87
526 _aP86
526 _aP85
526 _aP77
526 _aP76
526 _aP35
630 _aBiblia
_pN.T.
_pEvangelios
_lEspañol
_sVersión moderna
_f1972.
910 _ajck
_bjvq
_cjck
_d20150616
942 _2ddc
_cBOOK
949 _a225.561 V59
_wDEWEY
_c1
_i12711
_lCCODEBUL1
_mBUL
_p00.00
_r0
_sY
_tBOOK
_u19760914
_xTEOLOGIA
_PP35
_0COMPRA
_o.STAFF. Colección general
994 _aC0
_bPEPRU
596 _a1
999 _a225.561 V59
_wDEWEY
_c3004
_i12711
_f2021-11-9
_g6
_lCCODEBUL1
_mBUL
_r0
_sY
_tBOOK
_u2015-6-17
_xTEOLOGIA
_PP35
_0COMPRA
_o.STAFF. Colección general
_d3004
980 _81
_gALBERTO SANCHEZ Responsable de Automatización